| 000 | 00728nam a2200193Ia 4500 | ||
|---|---|---|---|
| 008 | 151121s9999||||xx |||||||||||||| ||und|| | ||
| 082 | _a814/साळुंखे | ||
| 082 | _bHNW-112302 | ||
| 100 | _aसाळुंखे आ। ह। | ||
| 245 | _aमित्रांना शत्रू करुअ नका | ||
| 260 | _b"लोकायत प्रकाशन,सातारा।" | ||
| 260 | _c2010 | ||
| 300 | _a72 | ||
| 600 | _aसाळुंखे आ। ह। | ||
| 630 | _aमित्रांना शत्रू करुअ नका | ||
| 700 | _aसाळुंखे आ। ह। | ||
| 730 | _aमित्रांना शत्रू करुअ नका | ||
| 942 | _cBOOK | ||
| 999 |
_c1261642 _d1261639 |
||